Statistiques concernant Paroles : Presque rien - Hippocampe Fou

Cliquez ici pour prendre le quiz!

Statistiques générales

  • Ce quiz a été pris 7 fois
    (6 depuis la dernière actualisation)
  • Le résultat moyen est 266 sur 481

Statistiques - réponses

Réponse% Correct
Tout
100%
à
80%
bien-
80%
de
80%
départ
80%
est
80%
Et
80%
Et,
80%
et
80%
je
80%
la
80%
le
80%
ma
80%
Ma
80%
m'en
80%
Mon
80%
mon
80%
pas
80%
pour
80%
Pour
80%
presque
80%
prêt
80%
rien
80%
ainsi
60%
aller
60%
assiette
60%
babioles,
60%
beaucoup
60%
besoin
60%
charabia,
60%
d'alcool,
60%
des
60%
Des
60%
du
60%
être,
60%
fesses
60%
jolie
60%
kilomètres
60%
les
60%
lève
60%
Mes
60%
mes
60%
n'ai
60%
60%
paire
60%
part
60%
pique-
60%
Quelques
60%
rebondies,
60%
se
60%
seins
60%
un
60%
Un
60%
une
60%
va
60%
vie,
60%
vie
60%
voguer
60%
voiles
60%
anti-poux
40%
aspirateur
40%
assez
40%
attraper
40%
au
40%
Aux
40%
avec
40%
baluchon
40%
bananier,
40%
barbarie
40%
baril
40%
Biafine,
40%
bricoles,
40%
cacher
40%
cadran
40%
cahiers
40%
calepins,
40%
canne
40%
capuchon
40%
car
40%
carnet
40%
cas
40%
casquettes
40%
cassettes
40%
C'est
40%
c'est
40%
chat,
40%
chaussettes
40%
clair,
40%
clin
40%
clowns
40%
cools
40%
couscoussière,
40%
d'Achille
40%
d'acier
40%
Dans
40%
dans
40%
d'avril
40%
d'échecs
40%
défauts
40%
demain,
40%
déo',
40%
détecteur
40%
d'œil
40%
Emplois
40%
en
40%
En
40%
éthylotest
40%
Fée
40%
femelle,
40%
fin
40%
fléchés,
40%
forme
40%
frivoles
40%
garder
40%
gonflable
40%
gris,
40%
guide
40%
guise
40%
hasta
40%
j'ai
40%
J'emmène
40%
J'emporte
40%
jeu
40%
joints
40%
J'oublie
40%
J'prends
40%
j'serai
40%
j'viendrai
40%
j'voyage
40%
Koh-
40%
Lanta
40%
laveurs,
40%
leur
40%
l'île
40%
linceul
40%
Logis
40%
loin
40%
maillot,
40%
malle
40%
matelas
40%
mec
40%
métaux
40%
mettre
40%
mocassins
40%
moi
40%
moral
40%
mots
40%
mots-
40%
nada
40%
nécessaire
40%
nettoyer
40%
nuages
40%
œufs
40%
orgue
40%
passeport,
40%
pêche
40%
Picasso
40%
pieds
40%
piles
40%
plages
40%
poisson
40%
poissons
40%
Pôles
40%
poser
40%
poster
40%
pote
40%
poubelle
40%
poudre
40%
poupée
40%
pourront
40%
quand
40%
rafraîchir
40%
ratons-
40%
réchaud
40%
rendez-vous
40%
répondre
40%
retard
40%
retrouver
40%
rimes
40%
sable
40%
sac,
40%
sac
40%
sandales
40%
sans
40%
santé,
40%
Scrabble
40%
semelle
40%
serein,
40%
serein
40%
shampoing
40%
silence
40%
simple,
40%
smiley
40%
solaire
40%
spirales
40%
strict
40%
stylos
40%
suis
40%
sur
40%
tachycardie
40%
talons
40%
tapis
40%
tas
40%
toutes
40%
tympans
40%
types
40%
vent
40%
vilains
40%
vista
40%
volant
40%
zouk,
40%
and
20%
bâtir
20%
bâton
20%
Bazin
20%
bottes
20%
boubou
20%
bretzels
20%
cassés
20%
chapeau
20%
châteaux
20%
fais
20%
Falcor
20%
fourre
20%
Ghetto-
20%
glace
20%
J'me
20%
j'veux
20%
lapins
20%
léché
20%
Lego
20%
love
20%
patins
20%
paysages
20%
peace
20%
Picabia,
20%
pluie
20%
réfléchir,
20%
souk
20%
sous
20%
vanille
20%
vau-l'eau,
20%
visas
20%
vis-à-vis
20%
ziks
20%
Blaster
0%
futon,
0%

Distribution des résultats

Percentile par nombre de réponses

% des personnes avec chaque résultat

Votre développement - résultats

Vous n’avez pas pris ce quiz depuis la dernière actualisation